| 000 | 00684nam a22002057a 4500 | ||
|---|---|---|---|
| 999 |
_c15609 _d15609 |
||
| 003 | AR-CdUCM | ||
| 008 | 190429b ||||| |||| 00| 0 spa d | ||
| 040 |
_aMUNICIPALIDAD PROVINCIAL DEL CUSCO _cBIBLIOTECA MUNICIPAL DEL CUSCO |
||
| 082 |
_a869.56 / _bF52 |
||
| 100 |
_aFigueira, Gaston _926365 |
||
| 245 |
_aDoce poetas de Haití : _bnúmero cuatro / |
||
| 260 |
_aAntioquia : _bUniversidad de Antioquia, |
||
| 300 |
_a14 páginas ; _c24 cm. |
||
| 500 | _aAl segundo ejemplar le falta páginas en la ultima parte. | ||
| 505 | _aContenido: Poetas de Haití. | ||
| 650 |
_aLiteratura Haitiana _934734 |
||
| 650 |
_aPoesía _9139 |
||
| 942 |
_2ddc _cLIBROS |
||
| 945 |
_aacv _d2019-04-29 |
||